Famous People from New York (Picture Version) - Statistics

General Stats
  • This quiz has been taken 179 times
  • The average score is 8 of 15
Answer Stats
Picture Answer % Correct
Lady Gaga
88%
Mike Tyson
83%
Jennifer Lopez
80%
Jay-Z
76%
Theodore Roosevelt
74%
Whoopi Goldberg
70%
Stan Lee
67%
Anne Hathaway
57%
Groucho Marx
52%
Steve Buscemi
43%
Lin-Manuel Miranda
35%
Regis Philbin
33%
Tony Danza
28%
Vera Wang
24%
Jacqueline Kennedy Onnasis
15%
No matching quizzes found
Score Distribution
Percent of People with Each Score
Percentile by Number Answered
Your Score History
You have not taken this quiz